[Event "CZE-chT 0910"]
[Site "Czech Republic"]
[Date "2009.12.05"]
[Round "3.5"]
[White "Kulhanek, Tomas"]
[Black "Pridal, Ondrej"]
[Result "0-1"]
[WhiteElo "2441"]
[BlackElo "2235"]
[PlyCount "100"]
[EventDate "2009.11.07"]
[EventType "team-tourn"]
[EventRounds "11"]
[EventCountry "CZE"]
[SourceTitle "CBM 133 Extra"]
[Source "ChessBase"]
[SourceDate "2010.01.05"]
[SourceVersion "1"]
[SourceVersionDate "2010.01.05"]
[SourceQuality "1"]
[WhiteTeam "Turnov Zikuda"]
[BlackTeam "Brno Duras"]
[WhiteTeamCountry "CZE"]
[BlackTeamCountry "CZE"]

1. e4 d5 2. Nc3 d4 3. Nce2 e5 4. d3 Nf6 5. Nf3 Nc6 6. g3 Bg4 7. Bg2 Qd7 8. h3 Be6 9. Ng5 Bb4+ 10. Bd2 0-0 11. 0-0 Rae8 12. Bxb4 Nxb4 13. f4 exf4 14. gxf4 h6 15. Nxe6 fxe6 16. a3 Nc6 17. b4 b6 18. Ng3 Ne7 19. h4 c5 20. Rf2 Qc7 21. e5 Nfd5 22. Qg4 Qd7 23. bxc5 Ne3 24. Qh5 bxc5 25. Ne4 N7d5 26. Nxc5 Qe7 27. Bxd5 Nxd5 28. Ne4 Rxf4 29. Rxf4 Nxf4 30. Qg4 Nd5 31. Rf1 Rf8 32. Rxf8+ Kxf8 33. Nd6 Nc3 34. Kg2 Kg8 35. Qxd4 Ne2 36. Qg4 Nc3 37. Kg3 Kh8 38. Qh5 Kh7 39. Qg4 Qf8 40. Qf3 Qb8 41. d4 Qb2 42. Qd3+ Kh8 43. Kg4 Qa1 44. Kh5 Nd5 45. Qe4 Qd1+ 46. Kg6 Kg8 47. Nc8 Qg1+ 48. Kh5 Qg3 49. Ne7+ Nxe7 50. c4 Nf5 0-1

[Event "CZE-chT 0910"]
[Site "Czech Republic"]
[Date "2009.11.08"]
[Round "2.7"]
[White "Pridal, Ondrej"]
[Black "Jurek, Josef"]
[Result "0-1"]
[WhiteElo "2235"]
[BlackElo "2343"]
[PlyCount "102"]
[EventDate "2009.11.07"]
[EventType "team-tourn"]
[EventRounds "11"]
[EventCountry "CZE"]
[SourceTitle "CBM 133 Extra"]
[Source "ChessBase"]
[SourceDate "2010.01.05"]
[SourceVersion "1"]
[SourceVersionDate "2010.01.05"]
[SourceQuality "1"]
[WhiteTeam "Brno Duras"]
[BlackTeam "Grygov"]
[WhiteTeamCountry "CZE"]
[BlackTeamCountry "CZE"]

1. e4 e6 2. d4 d5 3. e5 c5 4. c3 Nc6 5. Nf3 Bd7 6. Bd3 cxd4 7. cxd4 Qb6 8. Nc3 Nxd4 9. Nxd4 Qxd4 10. 0-0 a6 11. Qe2 Ne7 12. Kh1 Nc6 13. f4 Bc5 14. Rd1 Qf2 15. Qg4 g6 16. a3 Be7 17. b4 Rc8 18. Bd2 Nd4 19. Rab1 Qh4 20. Qxh4 Bxh4 21. b5 axb5 22. Bxb5 Nc6 23. Na4 Bf2 24. Rf1 Ba7 25. Be2 Nd8 26. Nb6 Bxb6 27. Rxb6 Rc2 28. Rd1 Ra2 29. Bb5 Rxa3 30. Rb1 Bxb5 31. R6xb5 Ra6 32. Bb4 Kd7 33. g3 h5 34. h4 b6 35. Bd6 Kc6 36. R5b2 Nb7 37. Rc2+ Nc5 38. Kg2 Rha8 39. Rbb2 Ra4 40. Kh3 Rc4 41. Rg2 Ra1 42. Kh2 Rcc1 43. Kh3 Rh1+ 44. Rh2 Rxh2+ 45. Kxh2 d4 46. Kg2 Ra6 47. Kf3 Kd5 48. Bxc5 bxc5 49. Rb7 Ra3+ 50. Kf2 Ke4 51. Rxf7 Ra2+ 0-1

[Event "CZE-chT1E 0809"]
[Site "Czech Republic"]
[Date "2009.02.01"]
[Round "7.7"]
[White "Pridal, Ondrej"]
[Black "Olsarova, Karolina"]
[Result "1-0"]
[WhiteElo "2221"]
[BlackElo "2136"]
[PlyCount "71"]
[EventDate "2008.11.08"]
[EventType "team-tourn"]
[EventRounds "11"]
[EventCountry "CZE"]
[SourceTitle "EXT 2010"]
[Source "ChessBase"]
[SourceDate "2010.11.25"]
[SourceVersion "1"]
[SourceVersionDate "2010.11.25"]
[SourceQuality "1"]
[WhiteTeam "Brno Duras"]
[BlackTeam "Orlova Slavia"]
[WhiteTeamCountry "CZE"]
[BlackTeamCountry "CZE"]

1. e4 e5 2. Nf3 Nc6 3. Bc4 Nf6 4. d4 exd4 5. 0-0 Nxe4 6. Re1 d5 7. Bxd5 Qxd5 8. Nc3 Qa5 9. Nxe4 Be6 10. Bd2 Qh5 11. Bg5 Be7 12. Bxe7 Nxe7 13. Nxd4 Qxd1 14. Raxd1 0-0-0 15. Ng5 Nf5 16. Ndxe6 Rxd1 17. Rxd1 fxe6 18. Nxe6 Re8 19. Nf4 Nd4 20. Nh5 Rd8 21. Kf1 Ne6 22. Rxd8+ Kxd8 23. Ke2 Ke7 24. Ke3 c6 25. f4 g6 26. Ng3 Nc7 27. c4 a5 28. Ne4 Ne6 29. g4 Ng7 30. h3 h5 31. a4 hxg4 32. hxg4 b6 33. Ng5 Ne8 34. Nf3 Nd6 35. Ne5 Ke6 36. b3 1-0

[Event "CZE-chT2e 0607"]
[Site "Czech Republic"]
[Date "2006.12.03"]
[Round "4.3"]
[White "Pridal, Ondrej"]
[Black "Svancara, Petr"]
[Result "1-0"]
[WhiteElo "2171"]
[BlackElo "2239"]
[PlyCount "53"]
[EventDate "2006.10.15"]
[EventType "team"]
[EventRounds "11"]
[EventCountry "CZE"]
[SourceTitle "EXT 2009"]
[Source "ChessBase"]
[SourceDate "2008.11.26"]
[SourceVersion "1"]
[SourceVersionDate "2008.11.26"]
[SourceQuality "1"]

1. e4 g6 2. d4 Bg7 3. Nc3 c6 4. Be3 d5 5. Nf3 dxe4 6. Nxe4 Nf6 7. Nxf6+ exf6 8. Be2 0-0 9. 0-0 Be6 10. c4 Re8 11. Qd2 Nd7 12. d5 cxd5 13. cxd5 Bg4 14. Rfd1 f5 15. Rac1 Nf6 16. h3 Bh5 17. d6 Ne4 18. Qd5 Bxb2 19. Rc7 Nxd6 20. Qxd6 Qxd6 21. Rxd6 Bxf3 22. Bxf3 Be5 23. Rdd7 Bxc7 24. Rxc7 Re5 25. Rxb7 a5 26. Rd7 Rae8 27. Bg5 1-0

[Event "Brno DS"]
[Site "Brno"]
[Date "2005.07.03"]
[Round "4"]
[White "Medunova, Vera"]
[Black "Pridal, Ondrej"]
[Result "0-1"]
[WhiteElo "2209"]
[BlackElo "2178"]
[PlyCount "96"]
[EventDate "2005.06.30"]
[EventType "tourn"]
[EventRounds "11"]
[EventCountry "CZE"]
[EventCategory "2"]
[SourceTitle "CBM 107 Extra"]
[Source "ChessBase"]
[SourceDate "2005.09.01"]
[SourceVersion "1"]
[SourceVersionDate "2005.09.01"]
[SourceQuality "1"]

1. e4 c5 2. Nf3 Nc6 3. d4 cxd4 4. Nxd4 Nf6 5. Nc3 e5 6. Ndb5 d6 7. Nd5 Nxd5 8. exd5 Nb8 9. c4 Be7 10. c5 0-0 11. cxd6 Bxd6 12. Nxd6 Qxd6 13. Be2 Rd8 14. Bg5 f6 15. Be3 b6 16. Qb3 Ba6 17. Bg4 Nd7 18. Rc1 Nc5 19. Bxc5 bxc5 20. Be6+ Kh8 21. Qe3 Qb6 22. b3 Qb4+ 23. Rc3 Bb7 24. 0-0 Bxd5 25. Bf5 g6 26. Bh3 c4 27. a3 Qb5 28. bxc4 Bxc4 29. Rfc1 Rd4 30. Qf3 Rf8 31. g3 f5 32. Bf1 Bxf1 33. Rxf1 Rfd8 34. Qe3 a5 35. Rb3 Qd5 36. Rbb1 f4 37. Qc3 Rc4 38. Qb3 a4 39. Qb6 Qd6 40. Qb5 Rd4 41. Rbc1 f3 42. Rc6 Qe7 43. Rc3 e4 44. Qb2 Qe6 45. Kh1 Qh3 46. Rg1 Qg2+ 47. Rxg2 Rd1+ 48. Rg1 Rxg1+ 0-1

[Event "Brno DS"]
[Site "Brno"]
[Date "2005.07.01"]
[Round "2"]
[White "Marszalek, Maciej"]
[Black "Pridal, Ondrej"]
[Result "1-0"]
[WhiteElo "2347"]
[BlackElo "2178"]
[PlyCount "111"]
[EventDate "2005.06.30"]
[EventType "tourn"]
[EventRounds "11"]
[EventCountry "CZE"]
[EventCategory "2"]
[SourceTitle "CBM 107 Extra"]
[Source "ChessBase"]
[SourceDate "2005.09.01"]
[SourceVersion "1"]
[SourceVersionDate "2005.09.01"]
[SourceQuality "1"]

1. Nf3 d5 2. g3 Nf6 3. Bg2 c5 4. 0-0 Nc6 5. d3 e5 6. Nbd2 Bd6 7. e4 d4 8. Nc4 h6 9. a4 Be6 10. Nfd2 g5 11. c3 Qd7 12. cxd4 Nxd4 13. b3 Rd8 14. Ba3 0-0 15. Rc1 b6 16. Ne3 a5 17. Bb2 Bc7 18. Ndc4 Kg7 19. Re1 Rfe8 20. Bxd4 Qxd4 21. Bf1 Qd7 22. Qc2 Ng4 23. Nxg4 Bxg4 24. Ne3 Be6 25. Red1 Rh8 26. Rb1 f6 27. Qe2 h5 28. Bg2 Rh6 29. Rd2 Rdh8 30. Qd1 Kf7 31. Rbb2 Kf8 32. Qc2 g4 33. Nf5 Bxf5 34. exf5 h4 35. Be4 Qd4 36. Kf1 R6h7 37. Qd1 Rg7 38. Rbc2 Bd8 39. Rc4 Qd7 40. d4 exd4 41. Rcxd4 cxd4 42. Rxd4 Rhh7 43. Rxd7 Rxd7 44. Qxg4 hxg3 45. hxg3 Bc7 46. Bc6 Rde7 47. Bd5 Reg7 48. Qd4 Rh6 49. Qe3 Rh2 50. Qe6 Be5 51. Qc8+ Ke7 52. Be6 Rh1+ 53. Ke2 Kd6 54. Qf8+ Re7 55. Qd8+ Rd7 56. Qxd7+ 1-0

[Event "Brno DS"]
[Site "Brno"]
[Date "2005.06.30"]
[Round "1"]
[White "Pridal, Ondrej"]
[Black "Bartos, Jan"]
[Result "1/2-1/2"]
[WhiteElo "2178"]
[BlackElo "2293"]
[PlyCount "75"]
[EventDate "2005.06.30"]
[EventType "tourn"]
[EventRounds "11"]
[EventCountry "CZE"]
[EventCategory "2"]
[SourceTitle "CBM 107 Extra"]
[Source "ChessBase"]
[SourceDate "2005.09.01"]
[SourceVersion "1"]
[SourceVersionDate "2005.09.01"]
[SourceQuality "1"]

1. e4 e5 2. Nf3 Nf6 3. Bc4 Nxe4 4. Nc3 Nd6 5. Bb3 Nc6 6. 0-0 Be7 7. Re1 e4 8. Nxe4 Nxe4 9. Rxe4 d5 10. Re1 0-0 11. h3 Bf5 12. d4 Be4 13. c3 h6 14. Bf4 Bd6 15. Ne5 Qh4 16. Rxe4 dxe4 17. Ng6 Qf6 18. Bxd6 Qxg6 19. Bxf8 Rxf8 20. Qg4 Kh7 21. Qf4 f5 22. d5 Na5 23. Qxc7 Nxb3 24. axb3 f4 25. Kh2 e3 26. fxe3 Qg3+ 27. Kh1 Qxe3 28. Rg1 Re8 29. Qf7 Re5 30. c4 Qf2 31. Kh2 Qg3+ 32. Kh1 Qf2 33. b4 Re1 34. Qf5+ Kh8 35. Qc8+ Kh7 36. Qf5+ Kh8 37. Rxe1 Qxe1+ 38. Kh2 1/2-1/2

[Event "CZE-chT2d 0304"]
[Site "Czech Republic"]
[Date "2004.??.??"]
[Round "?"]
[White "Pridal, Ondrej"]
[Black "Sedlacek, Oldrich"]
[Result "1/2-1/2"]
[WhiteElo "2229"]
[BlackElo "2258"]
[PlyCount "95"]
[EventDate "2003.??.??"]
[EventType "team"]
[EventRounds "11"]
[EventCountry "CZE"]
[SourceTitle "EXT 2007"]
[Source "ChessBase"]
[SourceDate "2006.11.23"]
[SourceVersion "1"]
[SourceVersionDate "2006.11.23"]
[SourceQuality "1"]

1. e4 d6 2. d4 Nf6 3. Nc3 e5 4. Nf3 Nbd7 5. Bc4 Be7 6. 0-0 0-0 7. h3 c6 8. a4 Nxe4 9. Nxe4 d5 10. Nxe5 Nxe5 11. dxe5 dxe4 12. Bf4 Bf5 13. c3 Qxd1 14. Raxd1 Rad8 15. Bb3 Bc5 16. Rfe1 h6 17. g4 Rxd1 18. Rxd1 Be6 19. Bc2 f6 20. Bxe4 Bxf2+ 21. Kg2 Bb6 22. Rd6 f5 23. gxf5 Bxf5 24. Bxf5 Rxf5 25. Bg3 Kf8 26. e6 Rd5 27. Rxd5 cxd5 28. Bd6+ Ke8 29. Kf3 Bd8 30. Kf4 Bf6 31. Bc5 g6 32. a5 a6 33. Ke3 g5 34. Kf3 h5 35. Ke3 Bd8 36. Kd4 Bxa5 37. Kxd5 Bc7 38. Ke4 g4 39. hxg4 hxg4 40. Kf5 g3 41. Kf6 Bf4 42. Kf5 Bc7 43. Ke4 a5 44. c4 a4 45. Kf3 Be5 46. Ba3 Kd8 47. Kg2 Kc7 48. Kf3 1/2-1/2

[Event "MOR-chT2S 0203"]
[Site "Moravia"]
[Date "2003.01.12"]
[Round "6"]
[White "Pridal, Ondrej"]
[Black "Sekanina, Jiri"]
[Result "1-0"]
[WhiteElo "2255"]
[BlackElo "2139"]
[PlyCount "101"]
[EventDate "2002.10.??"]
[EventType "team"]
[EventRounds "11"]
[EventCountry "CZE"]
[SourceTitle "EXT 2006"]
[Source "ChessBase"]
[SourceDate "2005.11.24"]
[SourceVersion "1"]
[SourceVersionDate "2005.11.24"]
[SourceQuality "1"]

1. e4 c5 2. c3 Nf6 3. e5 Nd5 4. d4 cxd4 5. Nf3 Nc6 6. cxd4 d6 7. exd6 Qxd6 8. Nc3 g6 9. Bc4 Nb6 10. Bb3 Bg7 11. Ne4 Qd8 12. Be3 0-0 13. h3 Nd5 14. 0-0 b6 15. Nc3 Nxe3 16. fxe3 e6 17. a3 Bb7 18. Qe2 Rc8 19. Rad1 Rc7 20. d5 exd5 21. Nxd5 Rd7 22. e4 Ne7 23. Nxe7+ Qxe7 24. Rxd7 Qxd7 25. Ng5 Qd4+ 26. Kh1 Qxb2 27. Qxb2 Bxb2 28. Nxf7 Kg7 29. e5 Bxe5 30. Rd1 Bb8 31. Nd8 Bc8 32. Ne6+ Bxe6 33. Bxe6 Re8 34. Bc4 Re4 35. Bb5 a6 36. Bxa6 Ra4 37. Rd7+ Kf6 38. Rb7 Rxa6 39. Rxb8 Ke5 40. Kh2 Kd4 41. Rb7 Kc4 42. Rxh7 Rxa3 43. Rc7+ Kb4 44. Rc6 b5 45. Rxg6 Ra8 46. h4 Ka3 47. Rb6 b4 48. h5 b3 49. h6 b2 50. g4 Ra4 51. h7 1-0

[Event "CZE-chT2d 0304"]
[Site "Czech Republic"]
[Date "2003.??.??"]
[Round "?"]
[White "Pridal, Ondrej"]
[Black "Markovic, Ivan1111"]
[Result "0-1"]
[WhiteElo "2170"]
[BlackElo "2185"]
[PlyCount "116"]
[EventDate "2003.??.??"]
[EventType "team"]
[EventRounds "11"]
[EventCountry "CZE"]
[SourceTitle "EXT 2007"]
[Source "ChessBase"]
[SourceDate "2006.11.23"]
[SourceVersion "1"]
[SourceVersionDate "2006.11.23"]
[SourceQuality "1"]

1. e4 Nf6 2. e5 Nd5 3. d4 d6 4. Nf3 dxe5 5. Nxe5 g6 6. Qf3 Be6 7. Be2 c6 8. 0-0 Nd7 9. Nxd7 Qxd7 10. Nd2 Nb4 11. c3 Nxa2 12. Rxa2 Bxa2 13. b3 Bh6 14. Bc4 0-0 15. Ne4 Bxc1 16. Rxc1 b5 17. Nc5 Qf5 18. Bd3 Qxf3 19. gxf3 b4 20. Ra1 Bxb3 21. Nxb3 a5 22. Rxa5 Rxa5 23. Nxa5 bxc3 24. Nxc6 e6 25. Kf1 Ra8 26. Nb4 Rd8 27. Nc2 e5 28. Ke2 exd4 29. Bc4 Rb8 30. Nxd4 Rb2+ 31. Kd3 Rxf2 32. Kxc3 Rxh2 33. Kd3 h5 34. Ke3 Rb2 35. Ne2 Kg7 36. Kf2 f6 37. Kg3 g5 38. Kh3 f5 39. Kg3 Kf6 40. Bd3 h4+ 41. Kg2 Ke5 42. Kf2 Rb4 43. Bc2 g4 44. f4+ Rxf4+ 45. Nxf4 Kxf4 46. Kg2 Kg5 47. Ba4 f4 48. Bc6 h3+ 49. Kh2 Kh4 50. Bb7 f3 51. Kg1 Kg3 52. Bc6 h2+ 53. Kh1 Kf2 54. Bb7 Ke1 55. Kxh2 Kf2 56. Kh1 g3 57. Bxf3 Kxf3 58. Kg1 g2 0-1

[Event "CZE-chT2 9900"]
[Site "Czech Republic"]
[Date "2000.??.??"]
[Round "?"]
[White "Pridal, Ondrej"]
[Black "Plesek, Jiri"]
[Result "1/2-1/2"]
[WhiteElo "2162"]
[BlackElo "2185"]
[PlyCount "43"]
[EventDate "1999.??.??"]
[EventType "team"]
[EventRounds "11"]
[EventCountry "CZE"]
[SourceTitle "EXT 2001"]
[Source "ChessBase"]
[SourceDate "2000.11.22"]
[SourceVersion "1"]
[SourceVersionDate "2000.11.22"]
[SourceQuality "1"]

1. e4 e5 2. Nf3 Nc6 3. Bc4 Nf6 4. d4 exd4 5. 0-0 Nxe4 6. Re1 d5 7. Bxd5 Qxd5 8. Nc3 Qd8 9. Nxe4 Be7 10. Bg5 0-0 11. Bxe7 Qxe7 12. Nxd4 Nxd4 13. Qxd4 b6 14. Rad1 Be6 15. Qe5 Rad8 16. Ng5 Rxd1 17. Rxd1 Rd8 18. Rxd8+ Qxd8 19. h4 Qd1+ 20. Kh2 Qxc2 21. Nxe6 fxe6 22. Qxe6+ 1/2-1/2

[Event "CZE-chT2a 0001"]
[Site "Czech Republic"]
[Date "2000.??.??"]
[Round "2"]
[White "Pridal, Ondrej"]
[Black "Rosenzweig, Vladimir L"]
[Result "1/2-1/2"]
[WhiteElo "2190"]
[BlackElo "2070"]
[PlyCount "41"]
[EventDate "2000.??.??"]
[EventType "team"]
[EventRounds "11"]
[EventCountry "CZE"]
[SourceTitle "EXT 2003"]
[Source "ChessBase"]
[SourceDate "2002.11.25"]
[SourceVersion "1"]
[SourceVersionDate "2002.11.25"]
[SourceQuality "1"]

1. e4 c5 2. c3 d6 3. d4 Nf6 4. Nd2 cxd4 5. cxd4 g6 6. Ngf3 Bg7 7. Bc4 0-0 8. 0-0 Nc6 9. Re1 e5 10. h3 exd4 11. Nb3 Nxe4 12. Bxf7+ Rxf7 13. Rxe4 Bf5 14. Rh4 Bf6 15. Rf4 Be5 16. Rh4 Bf6 17. Rf4 Be5 18. Rh4 Bf6 19. Rf4 Be5 20. Rh4 Bf6 21. Rf4 1/2-1/2

[Event "CZE-ch U18"]
[Site "Prague"]
[Date "1996.??.??"]
[Round "9"]
[White "Jirovsky, Petr"]
[Black "Pridal, Ondrej"]
[Result "1-0"]
[WhiteElo "2305"]
[BlackElo "2045"]
[PlyCount "89"]
[EventDate "1996.??.??"]
[EventType "swiss"]
[EventRounds "9"]
[EventCountry "CZE"]
[SourceTitle "EXT 1998"]
[Source "ChessBase"]
[SourceDate "1997.11.17"]
[SourceVersion "1"]
[SourceVersionDate "1997.11.17"]
[SourceQuality "1"]

1. e4 d5 2. exd5 Nf6 3. d4 Bg4 4. Bb5+ c6 5. dxc6 Qa5+ 6. Nc3 Nxc6 7. f3 Bf5 8. Nge2 0-0-0 9. Bxc6 bxc6 10. Bd2 e5 11. Ne4 Qb6 12. Nxf6 gxf6 13. Ng3 Bg6 14. Qc1 exd4 15. 0-0 d3+ 16. Kh1 dxc2 17. Bc3 Bb4 18. Ne4 f5 19. Nf2 f4 20. Ne4 Bxe4 21. fxe4 f3 22. Qxc2 Bxc3 23. bxc3 fxg2+ 24. Qxg2 Qe3 25. Rae1 Qd3 26. Rxf7 Rhg8 27. Qf2 Qd2 28. Qf5+ Rd7 29. Qxd7+ Qxd7 30. Rxd7 Kxd7 31. Rg1 Re8 32. Rg4 Kd6 33. Kg2 Kc5 34. Kf3 Kc4 35. Kf4 Kxc3 36. Rg7 c5 37. Rxa7 c4 38. Rc7 Kd3 39. e5 Rf8+ 40. Kg5 c3 41. e6 c2 42. e7 h6+ 43. Kg6 Re8 44. Kf7 Rxe7+ 45. Kxe7 1-0

[Event "CZE-ch U18"]
[Site "Prague"]
[Date "1996.??.??"]
[Round "5"]
[White "Pridal, Ondrej"]
[Black "Skorpik, Martin"]
[Result "1-0"]
[WhiteElo "2045"]
[BlackElo "1935"]
[PlyCount "71"]
[EventDate "1996.??.??"]
[EventType "swiss"]
[EventRounds "9"]
[EventCountry "CZE"]
[SourceTitle "EXT 1998"]
[Source "ChessBase"]
[SourceDate "1997.11.17"]
[SourceVersion "1"]
[SourceVersionDate "1997.11.17"]
[SourceQuality "1"]

1. e4 e6 2. d4 d5 3. e5 c5 4. c3 Nc6 5. Nf3 Qb6 6. Bd3 cxd4 7. cxd4 Bd7 8. 0-0 Nge7 9. Nc3 Nxd4 10. Nxd4 Qxd4 11. Qe2 a6 12. Kh1 Nc6 13. f4 Nb4 14. Rd1 Nxd3 15. Rxd3 Qb6 16. f5 Bb5 17. Nxb5 Qxb5 18. fxe6 fxe6 19. Qh5+ g6 20. Qh3 Qd7 21. Be3 Bg7 22. Bc5 Rc8 23. Bd6 Bf8 24. Re1 Rc6 25. Rf3 Bxd6 26. exd6 Rxd6 27. Rf6 Kd8 28. Ref1 Rc6 29. Qe3 Re8 30. Rf7 Re7 31. Qg5 e5 32. Rxh7 d4 33. Rf8+ Kc7 34. Rxe7 Qxe7 35. Qxe7+ Kb6 36. Rf6 1-0